000 00502nam a2200181Ia 4500
008 240925s9999 xx 000 0 und d
020 _a1566042895
082 _a006.6 MIL
100 _aMiller ,Deborah M.
245 0 _aMacromedia Director 5 Power Toolkit
250 _aNA
260 _aNorth Carolina:
_bVentana
_c,1996.
300 _axvi,570p.
_bNA
_fOriginal
500 _aIncludes Index
600 _aComputer Science
650 _aComputer science, information & general works
942 _cBK
999 _c5885
_d5885